Click the Metallica Song Title Ending - Statistics

General Stats
  • This quiz has been taken 111 times
  • The average score is 16 of 20
Answer Stats
Hint Answer % Correct
Nothing Else Matters
97%
Seek and Destroy
96%
Master of Puppets
96%
Fade to Black
95%
Sad but True
94%
Enter Sandman
90%
Wherever I May Roam
86%
Ride the Lightning
83%
The Memory Remains
83%
Creeping Death
77%
Moth into Flame
76%
Trapped Under Ice
74%
Atlas, Rise!
73%
Hit the Lights
72%
All Nightmare Long
68%
Harvester of Sorrow
68%
Disposable Heroes
67%
King Nothing
58%
Dyers Eve
53%
Phantom Lord
51%
No matching quizzes found
Score Distribution
Percent of People with Each Score
Percentile by Number Answered
Your Score History
You have not taken this quiz